easy USA quiz - Statistics

General Stats
  • This quiz has been taken 59 times
  • The average score is 6 of 7
Answer Stats
Question Answer % Correct
How many states are there in the USA 50
100%
How many countries does the U.S border 2
98%
Who was the first president of the United States George Washington
98%
What is the capital city of the USA Washington D.C
98%
Does the U.S use the metric system No
96%
What is the national animal of America Bald eagle
92%
What currency do they use U.S dollar
59%
No matching quizzes found
Score Distribution
Percent of People with Each Score
Percentile by Number Answered
Your Score History
You have not taken this quiz